000 00565nam 22001693 4500
001 199686
090 _a199686
100 _a20251222d u||y0pory50 ba
200 _aAntropologia ou entropologia?
_fMesquitela Lima
210 _aLisboa
_cImprensa Nacional - Casa da Moeda
_d1979
215 _a197 p.
_cbrochado
_d21 cm
606 _92051
_aAntropologia Cultural. Etnologia. Etnografia. Usos e Costumes. Tradições. Modo de vida. Folclore
675 _a39
_vPT
_zpor
700 _915484
_aLima
_bMesquitela
_f1929-2007
801 _aPT
_bBMMN
_gRPC
830 _cVanda
990 _cLIVROS